<?xml version="1.0" encoding="UTF-8"?>
<marc:record xmlns:marc="http://www.loc.gov/MARC21/slim">
   <marc:leader>00000nam a2200000 a 4500</marc:leader>
   <marc:datafield ind1="1" ind2=" " tag="100">
      <marc:subfield code="a">Mewe, Susanna</marc:subfield>
      <marc:subfield code="4">aut</marc:subfield>
      <marc:subfield code="e">Verfasser/-in</marc:subfield>
   </marc:datafield>
   <marc:datafield ind1=" " ind2=" " tag="653">
      <marc:subfield code="a">Softcover / Belletristik/Erzählende Literatur</marc:subfield>
   </marc:datafield>
   <marc:datafield ind1=" " ind2=" " tag="653">
      <marc:subfield code="a">Erzählende Literatur</marc:subfield>
   </marc:datafield>
   <marc:datafield ind1="0" ind2="0" tag="245">
      <marc:subfield code="a">Das Jenseits kann mich mal</marc:subfield>
   </marc:datafield>
   <marc:datafield ind1="0" ind2="0" tag="245">
      <marc:subfield code="b">Roman</marc:subfield>
   </marc:datafield>
   <marc:datafield ind1="0" ind2="0" tag="245">
      <marc:subfield code="c">Susanna Mewe</marc:subfield>
   </marc:datafield>
   <marc:datafield ind1=" " ind2="1" tag="264">
      <marc:subfield code="a">München</marc:subfield>
      <marc:subfield code="b">dtv Verlagsgesellschaft</marc:subfield>
      <marc:subfield code="c">2019</marc:subfield>
   </marc:datafield>
   <marc:datafield ind1="1" ind2=" " tag="520">
      <marc:subfield code="a">Angaben aus der Verlagsmeldung

Elinor – unsterblich verliebt : Roman Mewe,Elinor / von Susanna Mewe

»Zum ersten Mal seit ihrem Tod macht sie sich ernsthaft Sorgen.«

Seit dem Tod seiner Frau geht David ganz im Berufsleben auf und kümmert sich um seinen exzentrischen Vater. Gelegentliche Rendezvous-Versuche scheitern an Davids Schüchternheit. Bis er sich in Selma verliebt. Davids verstorbene Ehefrau Elinor ist darüber allerdings nicht erfreut: Eifersüchtig wacht sie als Geist über ihren Mann und bittet ihr Medium Paula um Hilfe. Doch die empfiehlt Elinor nur, endlich loszulassen. Elinor denkt gar nicht daran! Als sie durch Paula auf deren ebenfalls medial begabte Nichte Pi aufmerksam wird, schöpft sie neue Hoffnung – und das Chaos nimmt seinen Lauf.

</marc:subfield>
   </marc:datafield>
   <marc:datafield ind1=" " ind2=" " tag="020">
      <marc:subfield code="a">9783423262071</marc:subfield>
      <marc:subfield code="9">9783423262071</marc:subfield>
   </marc:datafield>
   <marc:datafield ind1=" " ind2=" " tag="020">
      <marc:subfield code="a">3423262079</marc:subfield>
      <marc:subfield code="9">3423262079</marc:subfield>
   </marc:datafield>
   <marc:datafield ind1=" " ind2=" " tag="041">
      <marc:subfield code="a">ger</marc:subfield>
   </marc:datafield>
   <marc:datafield ind1=" " ind2=" " tag="300">
      <marc:subfield code="a">304 Seiten</marc:subfield>
   </marc:datafield>
</marc:record>
